000 00598nam a2200217Ia 4500
003 OSt
005 20220926014113.0
006 a|||||r|||| 00| 0
007 ta
008 220923b |||||||| |||| 00| 0 eng d
037 _cGeneral Book
040 _aRTL
_cRTL
_beng
041 _2eng
_aeng
082 _aX61, M9/TD
100 _aMcCallum Bennett T
_9319792
245 0 _aMonetary economics
_b Theory and Policy
260 _aNew York
_bMacmillan
_c1989
300 _axi, 356p
_ccm.
942 _hX61, M9/TD
_cGB
_2CC
999 _c627867
_d627867